000
00298nam a22001337a 4500
008
210303b ||||| |||| 00| 0 eng d
020
_a
9780534603403
041
_a
eng
080
_2
5th
_a
32
100
_a
19
101
_a
SHP
245
_a
Public Administration
_c
Denhardt,B.R
942
_2
udc
_c
BK
999
_c
55578
_d
55578